Kraje w Kalendarzu Formuły E 2023-24 - Statystyki

Ogólne statystyki
  • Ten quiz został rozwiązany 44 razy
  • Średni wynik to 8 z 10
Statystyki odpowiedzi
Runda Kraj % Poprawnych
13-14 USA
82%
15-16 Wielka Brytania
82%
6-7 Włochy
82%
5 Japonia
79%
8 Monako
79%
11-12 Chiny
76%
9-10 Niemcy
76%
2-3 Arabia Saudyjska
73%
4 Brazylia
64%
1 Meksyk
64%
Nie znaleziono quizów pasujących do podanych kryteriów
Rozkład punktacji
Procent ludzi z każdym wynikiem
Percentyl według liczby udzielonych odpowiedzi
Twoja historia wyników
Nie rozwiązałeś tego quizu